Recenzia učebnice Beličková, K. a kol.: Verejné rozpočty (prvé vydanie)

Recenzia učebnice Verejné rozpočty, ktorá vyšla v novembri 2005, pod vedením autorského kolektívu doc. Ing. K. Beličkovej, PhD. Učebnica poskytuje komplexný pohľad na sústavu verejných rozpočtov, jej jednotlivé zložky, ale aj rozpočet Európskej únie. Reaguje na významné legislatívne úpravy súvisiac...

ver descrição completa

Na minha lista:
Detalhes bibliográficos
Autor principal: Kušnírová, Jana, 1977-
Formato: Capítulo de Livro
Idioma:eslovaco
Assuntos:
Tags: Adicionar Tag
Sem tags, seja o primeiro a adicionar uma tag!

MARC

LEADER 00000naa$a2200000$$$4500
001 0036979
005 20240502071454.2
041 0 |a slo 
044 |a SK 
245 1 0 |a Recenzia učebnice Beličková, K. a kol.: Verejné rozpočty (prvé vydanie)  |c Jana Kušnírová 
520 |a Recenzia učebnice Verejné rozpočty, ktorá vyšla v novembri 2005, pod vedením autorského kolektívu doc. Ing. K. Beličkovej, PhD. Učebnica poskytuje komplexný pohľad na sústavu verejných rozpočtov, jej jednotlivé zložky, ale aj rozpočet Európskej únie. Reaguje na významné legislatívne úpravy súvisiace so zmenami v oblasti rozpočtových procesov. 
610 2 0 |a recenzie 
610 2 0 |a učebnice 
610 2 0 |a rozpočty verejné 
100 1 |a Kušnírová, Jana, 1977-